000 00556nam a22002057a 4500
001 00028651
005 20260326151605.0
008 260326b ag ||||| |||| 00| 0 spa d
020 _a9505181019
040 _bspa
_cAR-CcCEOS
080 _a159.9
090 _bJUL
100 1 _aJulien, Philippe
_9972
245 _aPsicosis, perversión, neurosis :
_bLa lectura de Jacques Lacan /
_cPhilippe Julien
250 _a1ª ed.
260 _aBuenos Aires :
_bAmorrortu,
_c2002.
300 _a208 p. ;
_c23X14 CM.
650 0 _aPSICOSIS
942 _2udc
_cBK
999 _c28684
_d28684
945 _a66467
_bMelina Rolando
_c66467
_dMelina Rolando